<?xml version="1.0" encoding="UTF-8"?>
<collection xmlns="http://www.loc.gov/MARC21/slim">
 <record>
  <leader>02341nam a2200265 a 4500</leader>
  <controlfield tag="001">1/44614</controlfield>
  <controlfield tag="008">140623s2002    us            001 0 eng  </controlfield>
  <datafield tag="020" ind1=" " ind2=" ">
   <subfield code="a">9781928994510</subfield>
  </datafield>
  <datafield tag="020" ind1=" " ind2=" ">
   <subfield code="a">1928994512</subfield>
  </datafield>
  <datafield tag="035" ind1=" " ind2=" ">
   <subfield code="l">47568</subfield>
  </datafield>
  <datafield tag="040" ind1=" " ind2=" ">
   <subfield code="a">OPELS</subfield>
   <subfield code="b">eng</subfield>
   <subfield code="c">OPELS</subfield>
   <subfield code="d">OPELS</subfield>
   <subfield code="d">OCLCQ</subfield>
   <subfield code="d">OCLCF</subfield>
   <subfield code="d">GR-PeUP</subfield>
  </datafield>
  <datafield tag="245" ind1="0" ind2="0">
   <subfield code="a">ASP.net</subfield>
   <subfield code="h">[electronic resource] :</subfield>
   <subfield code="b">web developer's guide /</subfield>
   <subfield code="c">Adrian Turtschi .. ... [et al.] ; Saurabh Nandu, technical editor.</subfield>
  </datafield>
  <datafield tag="260" ind1=" " ind2=" ">
   <subfield code="a">Rockland, Mass. :</subfield>
   <subfield code="b">Syngress,</subfield>
   <subfield code="c">c2002.</subfield>
  </datafield>
  <datafield tag="300" ind1=" " ind2=" ">
   <subfield code="a">1 online resource (xxii, 793 p.) :</subfield>
   <subfield code="b">ill.</subfield>
  </datafield>
  <datafield tag="520" ind1=" " ind2=" ">
   <subfield code="a">All the essential information needed to take full advantage of Microsoft's newest Web development platform What is ASP .NET ASP.NET is a revolutionary new programming framework that enables the rapid development of powerful web applications and services. Part of the emerging Microsoft .NET Platform, it provides the easiest and most scalable way to build, deploy and run distributed web applications that can target any browser or device. ASP.NET (formerly referred to as ASP+) is more than the next version of Active Server Pages (ASP); it is a unified Web development platform that provides the services necessary for developers to build enterprise-class Web applications. ASP .net Web Developer's Guide will teach Web developers to quickly and easily build solutions for the Microsoft .NET platform. Programmers who are expert in asp and other languages will find this book invaluable. This book will appeal to all web developers - regardless of what language they are using or what platform they will be using You can take it with you. The book comes packaged with Syngress' revolutionary wallet-sized CD containing a printable HTML version of the book, all of the source code examples and demos of popular ASP .NET programming tools Comprehensive Coverage of the Entire .net Framework for B2B commerce.</subfield>
  </datafield>
  <datafield tag="500" ind1=" " ind2=" ">
   <subfield code="a">Includes index.</subfield>
  </datafield>
  <datafield tag="630" ind1="0" ind2="0">
   <subfield code="a">Active server pages.</subfield>
  </datafield>
  <datafield tag="650" ind1=" " ind2="4">
   <subfield code="a">Microsoft .NET Framework.</subfield>
  </datafield>
  <datafield tag="650" ind1=" " ind2="4">
   <subfield code="a">Programming languages (Electronic computers).</subfield>
  </datafield>
  <datafield tag="655" ind1=" " ind2="4">
   <subfield code="a">Electronic books.</subfield>
  </datafield>
  <datafield tag="700" ind1="1" ind2=" ">
   <subfield code="a">Turtschi, Adrian.</subfield>
  </datafield>
  <datafield tag="852" ind1=" " ind2=" ">
   <subfield code="a">INST</subfield>
   <subfield code="b">UNIPILB</subfield>
   <subfield code="c">EBOOKS</subfield>
   <subfield code="e">20140623</subfield>
   <subfield code="p">00b47568</subfield>
   <subfield code="q">00b47568</subfield>
   <subfield code="t">ONLINE</subfield>
   <subfield code="y">0</subfield>
  </datafield>
  <datafield tag="856" ind1="4" ind2="0">
   <subfield code="3">ScienceDirect</subfield>
   <subfield code="u">http://www.sciencedirect.com/science/book/9781928994510</subfield>
  </datafield>
  <datafield tag="856" ind1="4" ind2=" ">
   <subfield code="d">/webopac/covers/03/47568_9781928994510.jpg</subfield>
  </datafield>
  <datafield tag="856" ind1="4" ind2=" ">
   <subfield code="d">/webopac/covers/03/47568_1928994512.jpg</subfield>
  </datafield>
 </record>
</collection>
